Modely a metódy nelineárneho programovania

Salvato in:
Dettagli Bibliografici
Autore principale: Fendek, Michal
Ente Autore: Ekonomická univerzita v Bratislave. Fakulta hospodárskej informatiky
Natura: Libro
Lingua:slovacco
Pubblicazione: Bratislava Ekonóm 1995
Edizione:1. vyd.
Soggetti:
Tags: Aggiungi Tag
Nessun Tag, puoi essere il primo ad aggiungerne!!

MARC

LEADER 00000nam a2200000 4500
001 c011195
005 20221214071411.0
020 |a 80-225-0657-5 
041 0 |a slo 
044 |a SK 
245 1 0 |a Modely a metódy nelineárneho programovania  |c Michal Fendek 
250 |a 1. vyd. 
264 1 |a Bratislava  |b Ekonóm  |c 1995 
300 |a 231 s. 
610 2 0 |a programovanie nelineárne 
610 2 0 |a programovanie matematické 
610 2 0 |a algoritmy 
610 2 0 |a kybernetika 
100 1 |a Fendek, Michal 
710 2 |a Ekonomická univerzita v Bratislave. Fakulta hospodárskej informatiky